000 00278nam a22001337a 4500
008 170629b xxu||||| |||| 00| 0 eng d
020 _a9780130504296
041 _aeng
080 _a82
100 _a22
101 _aGJL
245 _aLITERATURE
_cHALL.P
942 _2udc
_cBK
999 _c19471
_d19471